LEADER 01237nam a2200277 a 4500 001 000000143759 003 CaOOAMICUS 005 20150603130039.0 008 150603s2004 it u000 u ita r 020 $z8838484775* 040 $aPUL$bita 082 04$a263 100 1 $aTornielli, Andrea,$d1964-$0(OLS)http://pul/name/53320 245 10$aGerusalemme. Martini e Tettamanzi insieme per la pace :$bil cammino del Consiglio ecumenico delle chiese di Milano /$cAndrea Tornielli. 260 $aCasale Monferrato :$bPiemme,$c©2004. 300 $a191 p. ;$c20 cm 650 4$aPellegrinaggi cristiani.$0(OLS)http://pul/subject/19101 650 4$aPace.$0(OLS)http://pul/subject/4327 850 $aPUL 852 $aPUL$W1$xDP2 Religione 3$y114$m263 TORAN 1$j165858$qDDC 21$B166239$CPULBib$Z2$F166239 $H125974 $82 941 1 $a9 996 $6020$z8838484775*$9(OLS)http://pul/number/157721 996 $6082$a263$9(OLS)http://pul/classification/1774 996 $6245$aGerusalemme. Martini e Tettamanzi insieme per la pace :$bil cammino del Consiglio ecumenico delle chiese di Milano$9(OLS)http://pul/title/181872 996 $6260$aCasale Monferrato :$bPiemme$9(OLS)http://pul/publisher/51813 LEADER 01074nam a2200205 a 4500 001 000000145644 003 CaOOAMICUS 005 20150910143020.0 008 150910s1943 it af u000 u ita r 040 $aPUL$bita 100 1 $aVanti, Mario,$cM.I.$0(OLS)http://pul/name/21373 245 10$aSuor Agostina :$b(Livia Pierantoni) religiosa delle Suore della Carità di Santa Giovanna Antida, Martire della carità e del dovere nell'Arcispedale di Santo Spirito di Roma /$cp. Mario Vanti. 260 $aRoma :$bCasa generalizia delle Suore della Carità,$c1943. 300 $a83 p. :$bill., tav. ;$c18 cm 850 $aPUL 852 $aPUL$W1$xDP1 Religione 1$y20$m641 G 16$j168389$qStampati$B168991$CPULBib$Z2$F168991 $82 941 1 $a8 996 $6245$aSuor Agostina :$b(Livia Pierantoni) religiosa delle Suore della Carità di Santa Giovanna Antida, Martire della carità e del dovere nell'Arcispedale di Santo Spirito di Roma$9(OLS)http://pul/title/184179 996 $6260$aRoma :$bCasa generalizia delle Suore della Carità$9(OLS)http://pul/publisher/57884